Dragon Age General Knowledge - Statistics

General Stats
  • This quiz has been taken 959 times
  • The average score is 16 of 29
Answer Stats
Clue Answer % Correct
Which of the games had the companion 'Morrigan'? Origins
97%
What can Alistair become at the end of Origins? King
86%
How many Dragon Age games are there in total? (Inc. Spin-offs) (As of 2014) 7 (Origins, Awakening, II, Journeys, Legends, Inquisition, Heroes of the Dragon Age)
82%
In which game does the above character have a more prominent role? Inquisition
79%
What is the name of the Seeker that is interrogating Varric? Cassandra Pentaghast
78%
Which dwarf will return as a companion in Inquisition? Varric
78%
What is the name of the first romanceable Qunari? Iron Bull
75%
What can you do with this version of Alistair? (Mainly Human Noble Origin) Marry Him
75%
What is the name of the character that rescues you at the beginning of both Origins and II? Flemeth
74%
Who is with this Seeker at the end of II? Leliana
70%
What could Oghren become in Awakening? A Grey Warden
69%
In Origins, which character was the forbidden Love Interest of the Circle Mage Warden? Cullen
69%
Who is the first 'lesbian' character in the series that the player can romance? Sera
67%
Who is the first 'gay' character in the series that the player can romance? Dorian
66%
What sexuality is this character (Hint: This is a hard question... it is is not Bisexual) Pansexual
61%
The other of the two characters said to have disappeared at the end of II? Hawke
60%
What is the above character known as throughout Origins? The Witch of the Wilds
58%
What 'race' is Tallis? Qunari
53%
What is Male Hawke's default name? Garrett
50%
What was the name of the pub that you first meet Isabella in the series? The Pearl
49%
How many members are in the Restored Inquisition? (Excluding footsoldiers, etc.) 13
42%
What is Hawke's mother's name? Leandra
41%
What is Female Hawke's default name? Marian
40%
In the Mark of the Assassin DLC, who voiced Tallis? Felicia Day
31%
What does he give you once he is in 'Love'? An Earring
28%
One of the two characters said to have disappeared at the end of II? The Warden
15%
What was the name of the web-series in which Tallis originated from? Dragon Age: Redemption
11%
What is the name of the mission that you have to start in Origins before Zevran becomes fully romanceable? The Landsmeet
8%
What is the name of the Inquisition companion Cole's sister? Bunny
5%
No matching quizzes found
Score Distribution
Percent of People with Each Score
Percentile by Number Answered
Your Score History
You have not taken this quiz